Интелектуальный анализ данных в задачах управления качеством образовательного процесса; Инженерное образование; № 13
| Parent link: | Инженерное образование: электронный научный журнал/ Ассоциация инженерного образования России (АИОР).— : [Б. и.], 2003-.— 1810-2883 № 13.— 2013.— [С. 36-43] |
|---|---|
| Autor Corporativo: | |
| Outros Autores: | , , , |
| Resumo: | Заглавие с титульного листа Предложена модель системы интеллектуального анализа данных (ИАД) применительно к образовательному процессу вуза. Проанализированы возможности ИАД с учетом специфики образовательной сферы, описан опыт его применения. |
| Idioma: | russo |
| Publicado em: |
2013
|
| coleção: | Формирование компетенций и обеспечение качества подготовки будущих специалистов |
| Assuntos: | |
| Acesso em linha: | https://old.aeer.ru/files/io/m13/art_6.pdf |
| Formato: | Recurso Eletrônico Capítulo de Livro |
| KOHA link: | https://koha.lib.tpu.ru/cgi-bin/koha/opac-detail.pl?biblionumber=537585 |
MARC
| LEADER | 00000naa2a2200000 4500 | ||
|---|---|---|---|
| 001 | 537585 | ||
| 005 | 20250520134208.0 | ||
| 035 | |a (RuTPU)RU\TPU\prd\227034 | ||
| 035 | |a RU\TPU\prd\227033 | ||
| 090 | |a 537585 | ||
| 100 | |a 20141205a2013 k y0rusy50 ca | ||
| 101 | 0 | |a rus | |
| 102 | |a RU | ||
| 135 | |a drnn ---uucaa | ||
| 181 | 0 | |a i | |
| 182 | 0 | |a b | |
| 200 | 1 | |a Интелектуальный анализ данных в задачах управления качеством образовательного процесса |f Г. Ж. Солтан [и др.] | |
| 203 | |a Текст |c электронный | ||
| 215 | |a 1 файл (930 Кб) | ||
| 225 | 1 | |a Формирование компетенций и обеспечение качества подготовки будущих специалистов | |
| 300 | |a Заглавие с титульного листа | ||
| 320 | |a [Библиогр.: с. 43 (6 назв.)] | ||
| 330 | |a Предложена модель системы интеллектуального анализа данных (ИАД) применительно к образовательному процессу вуза. Проанализированы возможности ИАД с учетом специфики образовательной сферы, описан опыт его применения. | ||
| 337 | |a Adobe Reader | ||
| 461 | 1 | |0 (RuTPU)RU\TPU\prd\176632 |x 1810-2883 |t Инженерное образование |o электронный научный журнал |f Ассоциация инженерного образования России (АИОР) |n [Б. и.] |d 2003- | |
| 463 | 1 | |0 (RuTPU)RU\TPU\prd\1131 |t № 13 |v [С. 36-43] |d 2013 | |
| 610 | 1 | |a инженерное образование | |
| 610 | 1 | |a электронный ресурс | |
| 610 | 1 | |a образование | |
| 610 | 1 | |a управление качеством | |
| 610 | 1 | |a вузы | |
| 610 | 1 | |a образовательные процессы | |
| 610 | 1 | |a менеджмент качества | |
| 610 | 1 | |a интеллектуальный анализ | |
| 701 | 1 | |a Солтан |b Г. Ж. | |
| 701 | 1 | |a Смаилова |b С. С. | |
| 701 | 1 | |a Увалиева |b И. М. | |
| 701 | 1 | |a Томилин |b А. К. |c физик, механик |c профессор Томского политехнического университета, доктор физико-математических наук |f 1955- |g Александр Константинович |3 (RuTPU)RU\TPU\pers\31233 |9 15428 | |
| 712 | 0 | 2 | |a Национальный исследовательский Томский политехнический университет (ТПУ) |b Институт физики высоких технологий (ИФВТ) |b Кафедра теоретической и прикладной механики (ТПМ) |3 (RuTPU)RU\TPU\col\18695 |
| 801 | 1 | |a RU |b 63413507 |c 20090623 |g PSBO | |
| 801 | 2 | |a RU |b 63413507 |c 20160227 |g PSBO | |
| 856 | 4 | |u https://old.aeer.ru/files/io/m13/art_6.pdf | |
| 942 | |c BK | ||